000 00282nam a22001337a 4500
008 170213b xxu||||| |||| 00| 0 eng d
020 _a9780822318163
041 _aeng
080 _a61
100 _a4
101 _aSHM
245 _aMAN-MADE MEDICINE
_cMOSS, K.L
942 _2udc
_cBK
999 _c5211
_d5211